| 000 | 00812nam a2200229 a 4500 | ||
|---|---|---|---|
| 001 | BRCA_532 | ||
| 005 | 20190320203041.0 | ||
| 008 | 800809s1979 mx-a---###---#000-0#spa-# | ||
| 020 | _a9685825521 | ||
| 040 |
_aDLC _cDLC _dDLC |
||
| 050 | 4 |
_aN8080.M4 _b.B33 1979 |
|
| 100 | 1 |
_aBáez Macías, Eduardo _910 |
|
| 245 | 1 | 0 |
_aEl arcángel san Miguel _bsu patrocinio, la ermita en el Santo Desierto de Cuajimalpa y el Santuario de Tlaxcala _cEduardo Báez Macías. |
| 260 |
_aMéxico _bUNAM _c1979 |
||
| 300 |
_a91 p. _bil., p. [22] de láminas _c23 cm. |
||
| 440 | 0 |
_aMonografías de arte _v2 _91838 |
|
| 500 | _aIncluye índice de nombres y lugares | ||
| 650 | 1 | 4 |
_aArte y simbolismo cristianos _zMéxico _91839 |
| 650 | 1 | 4 |
_aSantos cristianos _zMéxico _91840 |
| 650 | 1 | 4 |
_aMiguel (arcángel) _xArte _91841 |
| 942 |
_2lcc _cB |
||
| 999 |
_c464 _d464 |
||